书目信息 |
| 题名: |
光子技术
|
|
| 作者: | 谢树森 , 雷仕湛 主编 | |
| 分册: | ||
| 出版信息: | 北京 科学出版社 2011.02 |
|
| 页数: | 15,1042页 | |
| 开本: | 29cm | |
| 丛书名: | ||
| 单 册: | ||
| 中图分类: | TN2 | |
| 科图分类: | ||
| 主题词: | 光电子技术 | |
| 电子资源: | ||
| ISBN: | 978-7-03-013275-8 | |
| 000 | 00801nam0 2200253 450 | |
| 001 | 002727301 | |
| 005 | 20170612094200.82 | |
| 010 | @a978-7-03-013275-8@b精装@dCNY230.00 | |
| 100 | @a20110704d2011 em y0chiy50 ea | |
| 101 | 0 | @achi |
| 102 | @aCN@b110000 | |
| 105 | @ay z 000yy | |
| 106 | @ar | |
| 200 | 1 | @a光子技术@9guang zi ji shu@f谢树森,雷仕湛主编 |
| 205 | @a2版 | |
| 210 | @a北京@c科学出版社@d2011.02 | |
| 215 | @a15,1042页@d29cm | |
| 330 | @a本书详细介绍了光子技术的内涵,光子的产生、传播、与物质相互作用、控制、探测的基本规律,以及在信息、生物等主要科学技术领域的应用。 | |
| 606 | 0 | @a光电子技术 |
| 690 | @aTN2@v5 | |
| 701 | 0 | @a谢树森@9xie shu sen@4主编 |
| 701 | 0 | @a雷仕湛@9lei shi zhan@f(1941-)@4主编 |
| 801 | 0 | @aCN@bRENTIAN@c20110704 |
| 905 | @b991790-92@dTN2@e120=2@f3 | |
| 光子技术/谢树森,雷仕湛主编.-2版.-北京:科学出版社,2011.02 |
| 15,1042页;29cm |
| ISBN 978-7-03-013275-8(精装):CNY230.00 |
| 本书详细介绍了光子技术的内涵,光子的产生、传播、与物质相互作用、控制、探测的基本规律,以及在信息、生物等主要科学技术领域的应用。 |
| ● |
| 相关链接 |
|
|
|
|
正题名:光子技术
索取号:TN2/120=2
 
预约/预借
| 序号 | 登录号 | 条形码 | 馆藏地/架位号 | 状态 | 备注 |
| 1 | 991790 | 209917900 | 第二样本阅览室/ [索取号:TN2/120=2] | 在馆 | |
| 2 | 991791 | 209917919 | 第三借阅区/ [索取号:TN2/120=2] | 在馆 | |
| 3 | 991792 | 209917928 | 密集书库-物理学院/ [索取号:TN2/120=2] | 在馆 |